Fyziologie a hygiena výživy /

Hlavní autor: Marounek, Milan, 1946-
Korporativní autor: Vysoká vojenská škola pozemního vojska ve Vyškově. Katedra ekonomiky a hygieny výživy
Další autoři: Březina, Pavel, 1945-, Šimůnek, Jan, 1954-
Jazyk: Čeština
Vydáno: Vyškov : VVŠ PV Vyškov, 2000
Vydání: Vydání: první
Témata:
Fyzický popis: 132 stran : ilustrace ; 21 cm
Knihy
Uloženo v:
LEADER 01897nam a2200469 i 4500
001 001842436
003 CZ BrMZK
005 20230206093249.0
007 ta
008 221205s2000 xr a e p 000 0 cze
020 |a 80-7231-057-7  |q (brožováno) 
040 |a BOA001  |b cze  |e rda 
072 7 |a 612  |x Fyziologie člověka a srovnávací fyziologie  |2 Konspekt  |9 14 
072 7 |a 37.016  |x Učební osnovy. Vyučovací předměty. Učebnice  |2 Konspekt  |9 22 
080 |a 612.39  |2 MRF 
080 |a 612  |2 MRF 
080 |a 613.2  |2 MRF 
080 |a (075.8)  |2 MRF 
100 1 |a Marounek, Milan,  |d 1946-  |7 uzp2009504210  |4 aut 
245 1 0 |a Fyziologie a hygiena výživy /  |c autoři: Milan Marounek, Pavel Březina, Jan Šimůnek 
250 |a Vydání: první 
264 1 |a Vyškov :  |b VVŠ PV Vyškov,  |c 2000 
300 |a 132 stran :  |b ilustrace ;  |c 21 cm 
336 |a text  |b txt  |2 rdacontent 
337 |a bez média  |b n  |2 rdamedia 
338 |a svazek  |b nc  |2 rdacarrier 
500 |a Nad názvem: Vysoká vojenská škola pozemního vojska, Fakulta ekonomiky obrany státu, katedra ekonomiky a hygieny výživy 
500 |a Nad názvem označení: S 10463 
500 |a Anglicko-český slovník 
500 |a 100 výtisků 
504 |a Obsahuje bibliografii 
650 0 7 |a výživa člověka  |7 ph127487  |2 czenas 
650 0 7 |a fyziologie člověka  |7 ph120451  |2 czenas 
650 0 7 |a hygiena výživy  |7 ph120989  |2 czenas 
655 7 |a učebnice vysokých škol  |7 fd133772  |2 czenas 
700 1 |a Březina, Pavel,  |d 1945-  |7 jn20000400350  |4 aut 
700 1 |a Šimůnek, Jan,  |d 1954-  |7 nlk20010099056  |4 aut 
710 2 |a Vysoká vojenská škola pozemního vojska ve Vyškově.  |b Katedra ekonomiky a hygieny výživy  |7 kn20080417012  |4 isb 
910 |a BOA001  |b 2-1498.381 
990 |a BK 
991 |b 202302 
996 6 |b 2610924532  |c 2-1498.381  |l MZK  |r Sklad / do 1 hodiny  |n 0  |p dar  |w 001908376  |u 000010  |a 1  |e BOA001  |j MZK50  |s P